000 00797nam a22003010a 4500
001 PT56720
003 AR-LpoUNG
005 20210131231753.0
008 191001s2015||||ag |||||||||||||||||spa d
020 _a9789502323046
_c$4
040 _aAR-LpoUNG
_bspa
_cAR-LpoUNG
_eaacr
041 _aspa
044 _aag
082 0 _a808.068 3 571jug
100 1 _aDigón, Alicia
245 1 4 _aLos juguetes
250 _a1ra. ed., 1ra. reimpr.
260 _aBuenos Aires :
_bEudeba,
_c2015.
300 _a[24] p. :
_bil.
505 0 _aSugerido a partir de 6 años (etiqueta AMARILLA)
650 4 _aCUENTOS
650 4 _aLITERATURA
651 4 _aDOCUMENTOS TEORICOS O METODOLOGICOS
653 _aLITERATURA INFANTIL
700 1 _aContarbio, Delia
_eil.
905 _a56720
942 _cLIB
999 _c11858
_d11858